[Event "4th London Classic Open"]
[Site "London ENG"]
[Date "2012.12.09"]
[Round "9"]
[White "McDonnell, James J."]
[Black "McKerracher, Douglas"]
[Result "0-1"]
[WhiteElo "1912"]
[BlackElo "2034"]
[WhiteFideId "2500787"]
[BlackFideId "2401002"]
[EventDate "2012.12.01"]

1. e4 d5 2. exd5 Qxd5 3. Nc3 Qa5 4. Nf3 Nf6 5. d4 Bf5 6. Bc4 e6 7. Bd2 c6 8. Nd5
Qd8 9. Nxf6+ gxf6 10. Bb3 Nd7 11. Qe2 Qc7 12. O-O-O O-O-O 13. Nh4 Bg6 14. f4 f5
15. g3 Bg7 16. Be3 Kb8 17. Kb1 Nf6 18. Nxg6 hxg6 19. Rhe1 Nd5 20. Bxd5 cxd5 21.
Bg1 Rd6 22. Rd3 Rc6 23. Qd2 Rc8 24. Re2 Bf8 25. Be3 Ka8 26. Rb3 a6 27. Bf2 b5
28. Be1 b4 29. Rd3 Qb6 30. Qd1 Qb5 31. Rb3 a5 32. Rd3 a4 33. Qd2 Rxc2 0-1

[Event "4th London Classic Open"]
[Site "London ENG"]
[Date "2012.12.09"]
[Round "9"]
[White "De Lagontrie, Jean"]
[Black "Wan Nawawi, Wan Mohd Fazli"]
[Result "1/2-1/2"]
[WhiteElo "1858"]
[BlackElo "2001"]
[WhiteFideId "605271"]
[BlackFideId "5704022"]
[EventDate "2012.12.01"]

1. d4 c5 2. d5 d6 3. c4 g6 4. Nc3 Bg7 5. e4 Nf6 6. f4 O-O 7. Nf3 a6 8. Be2 Bd7
9. O-O b5 10. e5 Ng4 11. h3 Nh6 12. g4 Qc8 13. Ng5 bxc4 14. Be3 dxe5 15. fxe5
Bxe5 16. Nge4 Kg7 17. Bxc5 Qc7 18. Qd2 Ng8 19. Bd4 f6 20. Rad1 Bxd4+ 1/2-1/2

[Event "4th London Classic Open"]
[Site "London ENG"]
[Date "2012.12.09"]
[Round "9"]
[White "Pleininger, Rudolf"]
[Black "Marshall, Michael"]
[Result "1-0"]
[WhiteElo "1997"]
[BlackElo "1898"]
[WhiteFideId "1305999"]
[BlackFideId "1409956"]
[EventDate "2012.12.01"]

1. e4 c5 2. Nc3 e6 3. f4 Nc6 4. Bb5 Qc7 5. Nf3 a6 6. Bxc6 bxc6 7. O-O Nf6 8. d3
Be7 9. e5 Nd5 10. Ne4 f5 11. Ng3 Nb6 12. Qe2 Bb7 13. Bd2 c4 14. dxc4 c5 15. a4
O-O 16. a5 Nc8 17. Bc3 Na7 18. Rfd1 Rad8 19. Rd2 Nc6 20. Nh1 h6 21. h4 Rf7 22.
b3 g6 23. Nf2 Rg7 24. Nh3 Rf8 25. g3 Nd4 26. Nxd4 cxd4 27. Bxd4 Qc6 28. Kh2 g5
29. hxg5 hxg5 30. Qg2 Qxg2+ 31. Rxg2 g4 32. Nf2 Bxg2 33. Kxg2 Rh7 34. c5 Kf7 35.
Rh1 Rxh1 36. Kxh1 Rb8 37. Nd3 Bd8 38. b4 Ke8 39. Bc3 Ke7 40. Nb2 Bc7 41. Nc4 Ke8
42. Kg2 Ke7 43. Kf2 Rh8 44. Kg2 Rb8 45. Be1 Kd8 46. Bc3 Ke7 47. Nb2 Bd8 48. Nd3
Bc7 49. Be1 Rc8 50. Kf2 Rh8 51. Ke3 Rb8 52. Kd4 Bd8 53. Kc3 Ke8 54. c6 Rc8 55.
Kd4 Rxc6 56. c4 Rc8 57. Nc5 Ra8 58. Nb7 Rb8 59. Nxd8 Kxd8 60. Kc5 Rc8+ 61. Kb6
Rc6+ 62. Kb7 Rxc4 63. Kxa6 Rc6+ 64. Kb5 Kc7 65. Bf2 Kb7 66. Bb6 Rc3 67. a6+ Ka8
68. Bf2 Rc2 69. Bc5 Rc3 70. Kb6 Rxg3 71. b5 Rc3 72. Bb4 Rc1 73. Bd2 Rc2 74. Be1
Rc1 75. Bh4 Rc3 76. Be1 Rc1 77. Bh4 Rc3 78. Ka5 g3 79. b6 Ra3+ 80. Kb5 Rb3+ 81.
Kc5 Rc3+ 82. Kd6 Rc6+ 83. Kxd7 Rxb6 84. Bxg3 Rxa6 85. Bh4 Kb7 86. Bg5 Ra4 87.
Kxe6 Kc6 88. Kxf5 Kd7 89. Kg6 Ra6+ 90. Kf7 Ra2 91. e6+ 1-0

[Event "4th London Classic Open"]
[Site "London ENG"]
[Date "2012.12.09"]
[Round "9"]
[White "Tart, Peter K"]
[Black "Jones, Chris S"]
[Result "1/2-1/2"]
[WhiteElo "1989"]
[BlackElo "1834"]
[WhiteFideId "471070"]
[BlackFideId "414905"]
[EventDate "2012.12.01"]

1. e4 e6 2. d4 d5 3. c4 dxe4 4. Nc3 Nf6 5. f3 Bb4 6. Qa4+ Nc6 7. Be3 O-O 8.
O-O-O Bxc3 9. bxc3 Qe7 10. Bg5 h6 11. Bh4 Bd7 12. Qc2 Qa3+ 13. Qb2 Qxb2+ 14.
Kxb2 exf3 15. gxf3 Nh5 16. Ne2 Na5 1/2-1/2

[Event "4th London Classic Open"]
[Site "London ENG"]
[Date "2012.12.09"]
[Round "9"]
[White "Kane, Robert"]
[Black "Gibson, Christopher A"]
[Result "1/2-1/2"]
[WhiteElo "1827"]
[BlackElo "1975"]
[WhiteFideId "420468"]
[BlackFideId "414697"]
[EventDate "2012.12.01"]

1. d4 e6 2. c4 Nf6 3. Nf3 b6 4. e3 Bb7 5. Bd3 d5 6. cxd5 exd5 7. O-O Bd6 8. Nc3
O-O 9. Ne5 Nbd7 10. f4 Re8 11. Bd2 a6 12. Ne2 c5 13. Ng3 g6 14. Qf3 Ne4 15. Nxe4
dxe4 16. Bxe4 Bxe4 17. Qxe4 1/2-1/2

[Event "4th London Classic Open"]
[Site "London ENG"]
[Date "2012.12.09"]
[Round "9"]
[White "Bermingham, Tony"]
[Black "Clayton, Tristan"]
[Result "1/2-1/2"]
[WhiteElo "1959"]
[BlackElo "1830"]
[WhiteFideId "2504103"]
[BlackFideId "416533"]
[EventDate "2012.12.01"]

1. d4 d5 2. Bf4 Nf6 3. e3 c6 4. c4 e6 5. Nc3 Be7 6. Bd3 Nbd7 7. Nf3 O-O 8. O-O
Re8 9. h3 Nf8 10. c5 Ng6 11. Bh2 Nd7 12. b4 Bf6 13. e4 e5 14. exd5 exd4 15. Ne4
cxd5 16. Nd6 Re7 17. Nf5 Re8 18. Nd6 Re7 19. Nf5 1/2-1/2

[Event "4th London Classic Open"]
[Site "London ENG"]
[Date "2012.12.09"]
[Round "9"]
[White "Campbell, Eoin"]
[Black "Vachtfeidl, Petr"]
[Result "0-1"]
[WhiteElo "1819"]
[BlackElo "1945"]
[WhiteFideId "2400740"]
[BlackFideId "315028"]
[EventDate "2012.12.01"]

1. d4 Nf6 2. c4 g6 3. Nc3 d5 4. Nf3 Bg7 5. Qb3 dxc4 6. Qxc4 O-O 7. e4 Nc6 8. Be2
e5 9. d5 Nd4 10. Nxd4 exd4 11. Qxd4 c6 12. Qc4 cxd5 13. exd5 Bf5 14. O-O Rc8 15.
Qb3 Ne4 16. Nxe4 Bxe4 17. Bf3 Bxf3 18. Qxf3 Qa5 19. Rd1 Rfd8 20. Bg5 Rd7 21.
Rac1 Rxc1 22. Bxc1 Qxa2 23. g3 Qc4 24. d6 h5 25. Bg5 Qg4 26. Qxg4 hxg4 27. Be7
Bxb2 28. Rd2 Be5 29. Rd5 f6 30. h3 Kf7 31. hxg4 Ke6 32. Ra5 a6 33. f4 Bxd6 34.
Bxd6 Kxd6 35. g5 f5 36. Re5 Re7 37. Ra5 Kc6 38. Kf2 Kb6 39. Ra1 a5 40. g4 fxg4
41. Rh1 a4 42. Rh6 Kc5 43. Rxg6 Re8 44. Rh6 a3 45. Rh1 b5 46. f5 Re5 47. f6 Rxg5 0-1

[Event "4th London Classic Open"]
[Site "London ENG"]
[Date "2012.12.09"]
[Round "9"]
[White "Hoekstra, Carl"]
[Black "Sigurdsson, Birkir Karl"]
[Result "1/2-1/2"]
[WhiteElo "1937"]
[BlackElo "1725"]
[WhiteFideId "1011952"]
[BlackFideId "2304180"]
[EventDate "2012.12.01"]

1. e4 e6 2. d4 d5 3. Nd2 Nf6 4. e5 Nfd7 5. Bd3 c5 6. c3 Nc6 7. Ne2 cxd4 8. cxd4
f6 9. exf6 Nxf6 10. O-O Bd6 11. Nf3 Qc7 12. Bg5 O-O 13. Bh4 Nh5 14. Bg3 Nxg3 1/2-1/2

[Event "4th London Classic Open"]
[Site "London ENG"]
[Date "2012.12.09"]
[Round "9"]
[White "Phillips, William"]
[Black "Gates, David A"]
[Result "1-0"]
[WhiteElo "1950"]
[BlackElo "1705"]
[WhiteFideId "414344"]
[BlackFideId "415723"]
[EventDate "2012.12.01"]

1. e4 c6 2. d4 d5 3. exd5 cxd5 4. c4 Nf6 5. Nc3 g6 6. Nf3 Bg7 7. Qb3 e6 8. Bg5
Qa5 9. Qb5+ Nc6 10. Qxa5 Nxa5 11. Bxf6 Bxf6 12. cxd5 O-O 13. b4 exd5 14. bxa5
Re8+ 15. Kd2 Be6 16. Bb5 Red8 17. Rhd1 a6 18. Ba4 Bg4 19. Ne2 Rd6 20. h3 Bxf3
21. gxf3 Bd8 22. Ke1 Bxa5+ 23. Kf1 Re6 24. Rd3 Rf6 25. Rc1 Rf5 26. Bd7 Rf6 27.
Rc8+ Rxc8 28. Bxc8 Rb6 29. Rb3 1-0

[Event "4th London Classic Open"]
[Site "London ENG"]
[Date "2012.12.09"]
[Round "9"]
[White "Kazmierczak, Ewa"]
[Black "Mc Aleenan, Charles"]
[Result "1/2-1/2"]
[WhiteElo "1487"]
[BlackElo "1813"]
[WhiteFideId "1154877"]
[BlackFideId "2461617"]
[EventDate "2012.12.01"]

1. e4 e6 2. d4 d5 3. exd5 exd5 4. Bd3 c5 5. c3 Nc6 6. Ne2 Bd6 7. h3 Nge7 8. Nd2
c4 9. Bc2 Be6 10. Nf3 Qd7 11. Bf4 f6 12. Bxd6 Qxd6 13. Qc1 g5 14. Qe3 O-O-O 15.
O-O-O h5 16. Nh2 Rhe8 17. Qf3 Bf7 18. Ng3 h4 19. Nf5 Nxf5 20. Qxf5+ Kb8 21. Ng4
Re6 22. Rhe1 Rde8 23. Rxe6 Rxe6 24. Ne3 Re7 25. Qf3 Re8 1/2-1/2

[Event "4th London Classic Open"]
[Site "London ENG"]
[Date "2012.12.09"]
[Round "9"]
[White "Whatley, Stephen A J"]
[Black "Miu, Marinel"]
[Result "0-1"]
[WhiteElo "1707"]
[BlackElo "1631"]
[WhiteFideId "420441"]
[BlackFideId "1220691"]
[EventDate "2012.12.01"]

1. Nf3 Nf6 2. d4 b6 3. Bf4 Bb7 4. Nbd2 e6 5. e3 c5 6. c3 Be7 7. Nc4 d5 8. Nce5
O-O 9. Bd3 Ne4 10. Nd2 Nd7 11. Nxe4 dxe4 12. Bc4 Nxe5 13. Bxe5 cxd4 14. exd4 Bd6
15. Bg3 Rc8 16. Qe2 Qc7 17. Bb3 Bd5 18. Rc1 f5 19. Bxd6 Qxd6 20. O-O Bxb3 21.
axb3 a5 22. f3 exf3 23. Rxf3 Rf6 24. Re3 Rh6 25. Re5 Rf8 26. Re1 Rff6 27. Qc4 g5
28. g3 Kg7 29. Qa6 f4 30. Rxg5+ Rhg6 31. Qb7+ Kh6 32. Rxg6+ Rxg6 33. Qf3 fxg3
34. Qe3+ Kg7 35. Qe5+ Qxe5 36. Rxe5 gxh2+ 37. Kxh2 Rf6 38. Kg2 Rg6+ 39. Kf2 Rh6
40. Ke1 Rh2 41. Re2 Rxe2+ 42. Kxe2 Kf6 43. Kf3 e5 44. Ke4 exd4 45. cxd4 Ke6 46.
d5+ Kd6 47. Kd4 h5 48. Ke4 h4 49. Kf4 Kxd5 50. Kg4 Kc5 51. Kxh4 Kb4 52. Kg3 Kxb3
53. Kf3 Kxb2 54. Ke2 a4 0-1

[Event "4th London Classic Open"]
[Site "London ENG"]
[Date "2012.12.09"]
[Round "9"]
[White "Strand, Oyvin"]
[Black "Kroezen, Roland"]
[Result "1-0"]
[WhiteElo "1854"]
[BlackElo "1726"]
[WhiteFideId "1507230"]
[BlackFideId "1016091"]
[EventDate "2012.12.01"]

1. d4 c6 2. Nf3 d5 3. b3 Nf6 4. Bb2 g6 5. e3 Bg7 6. Bd3 Bg4 7. Nbd2 O-O 8. h3
Bxf3 9. Nxf3 Nbd7 10. Qe2 b5 11. c4 a6 12. O-O Rc8 13. Rfc1 Re8 14. a4 bxc4 15.
bxc4 a5 16. c5 Ra8 17. Bc3 Qc7 18. Rab1 Reb8 19. Qc2 Ne8 20. Qd2 f5 21. Ng5 Rxb1
22. Rxb1 Nef6 23. Ne6 Qa7 24. Rb3 h6 25. Qb2 Rb8 26. Rxb8+ Nxb8 27. Qb6 Qxb6 28.
cxb6 Nfd7 29. Bxa5 Kf7 30. Nxg7 Kxg7 31. b7 Kf7 32. Bc7 Ke8 33. a5 1-0

[Event "4th London Classic Open"]
[Site "London ENG"]
[Date "2012.12.09"]
[Round "9"]
[White "Haddock, Paul"]
[Black "Parry, Jacques"]
[Result "0-1"]
[WhiteElo "1665"]
[BlackElo "1809"]
[WhiteFideId "419150"]
[BlackFideId "425923"]
[EventDate "2012.12.01"]

1. e4 Nf6 2. Nc3 e5 3. Bc4 Be7 4. Nf3 d6 5. d3 c6 6. Bb3 h6 7. h3 Nbd7 8. O-O
Nf8 9. d4 Qc7 10. dxe5 dxe5 11. Qe2 Be6 12. Be3 Bxb3 13. axb3 a6 14. Na4 N8d7
15. Rfd1 O-O 16. Nc3 Bc5 17. Rd2 Bxe3 18. Qxe3 Rad8 19. Rad1 Rfe8 20. Nh4 Nf8
21. Nf5 Rxd2 22. Rxd2 Rd8 23. Rxd8 Qxd8 24. g3 Ne6 25. Qd3 Qxd3 26. cxd3 Ne8 27.
Ne2 c5 28. Ne7+ Kf8 29. Nd5 N8c7 30. Nxc7 Nxc7 31. f4 f6 32. Nc3 Ke7 33. f5 b5
34. Kf2 b4 35. Na4 Kd6 36. g4 Kc6 37. Ke2 Nb5 38. Kd2 Nd4 39. Nxc5 Kxc5 0-1

[Event "4th London Classic Open"]
[Site "London ENG"]
[Date "2012.12.09"]
[Round "9"]
[White "Kalerwa, Edwin M"]
[Black "Shierlaw, Hamish"]
[Result "1-0"]
[WhiteElo "1783"]
[BlackElo "1582"]
[WhiteFideId "422223"]
[BlackFideId "4301765"]
[EventDate "2012.12.01"]

1. c4 Nf6 2. Nf3 e6 3. Nc3 d5 4. e3 Be7 5. b3 O-O 6. Bb2 b6 7. g3 Bb7 8. Bg2
Nbd7 9. O-O c5 10. d3 a6 11. Qc2 Rc8 12. Rad1 Qc7 13. Ne2 Rfd8 14. Nd2 Bd6 15.
cxd5 exd5 16. Bh3 Rb8 17. Rc1 Re8 18. Nd4 Qd8 19. Nf5 Ne5 20. Bxe5 Bxe5 21. Nf3
Bd6 22. Rfe1 Bc8 23. e4 dxe4 24. dxe4 Bxf5 25. Bxf5 Be5 26. Nxe5 Rxe5 27. Rcd1
Qe8 28. f4 Re7 29. e5 Nd7 30. Bxh7+ Kh8 31. Bf5 Rd8 32. Bxd7 Rexd7 33. Rxd7 Qxd7
34. Qe2 Qd4+ 35. Qf2 Qxf2+ 36. Kxf2 Rd2+ 37. Re2 Rd7 38. f5 Kg8 39. Ke3 Kf8 40.
Rd2 Rb7 41. Ke4 Ke7 42. h4 Rc7 43. a4 c4 44. bxc4 Rxc4+ 45. Rd4 Rc3 46. g4 Rc8
47. g5 Rh8 48. f6+ gxf6 49. gxf6+ Ke8 50. Kd3 Rh5 51. Re4 Kd7 52. Rd4+ Ke6 53.
Rd6+ Kxe5 54. Rxb6 Rxh4 55. Rxa6 Kf5 56. Kc3 Re4 57. a5 Ra4 58. Kb3 Ra1 59. Kb2
Ra4 60. Kb3 Ra1 61. Kc4 Ra2 62. Kb5 Rb2+ 63. Kc6 Kxf6 64. Rb6 Ra2 65. Kb7+ Kf5
66. a6 Kg5 67. a7 f5 68. Ra6 Re2 69. a8=Q Re7+ 70. Kc6 Re6+ 71. Kd5 Rxa6 72.
Qxa6 Kf4 73. Qf1+ 1-0

[Event "4th London Classic Open"]
[Site "London ENG"]
[Date "2012.12.09"]
[Round "9"]
[White "Reutimann, Hans Peter"]
[Black "Chilton, James I"]
[Result "0-1"]
[WhiteElo "1783"]
[BlackElo "1779"]
[WhiteFideId "1313886"]
[BlackFideId "423009"]
[EventDate "2012.12.01"]

1. d4 d5 2. Nf3 Bf5 3. Bf4 e6 4. e3 Nf6 5. Nbd2 Nbd7 6. c3 Nh5 7. Bg5 f6 8. Bh4
Bg4 9. h3 Bxf3 10. Qxf3 g6 11. Bd3 Be7 12. g4 Ng7 13. Qe2 c6 14. Bg3 Qb6 15. Nb3
O-O-O 16. Qc2 e5 17. a4 Rdf8 18. a5 Qd8 19. c4 Kb8 20. c5 a6 21. Ra4 Ne6 22. Rb4
Nc7 23. Qe2 Ka7 24. Kd2 Re8 25. Qd1 Rhf8 26. Qa1 Rf7 27. Nc1 Ref8 28. Rb6 Ne6
29. Na2 exd4 30. Nb4 dxe3+ 31. fxe3 Nexc5 32. Qa2 Nxb6 33. Nxc6+ bxc6 34. axb6+
Qxb6 35. Ra1 Nb3+ 36. Ke2 Nxa1 37. Bc7 Qb7 38. Qxa1 Bb4 39. Bh2 c5 40. Bg1 Re7
41. Kf1 d4 0-1

[Event "4th London Classic Open"]
[Site "London ENG"]
[Date "2012.12.09"]
[Round "9"]
[White "Lie, Terje"]
[Black "Altman, Joshua"]
[Result "0-1"]
[BlackTitle "CM"]
[WhiteElo "1595"]
[BlackElo "1555"]
[WhiteFideId "1504916"]
[BlackFideId "426210"]
[EventDate "2012.12.01"]

1. d4 Nf6 2. c4 g6 3. Nc3 Bg7 4. Nf3 d6 5. Bg5 O-O 6. e3 Nbd7 7. Qc2 c5 8. d5 a6
9. Bd3 Rb8 10. O-O Nb6 11. b3 Bg4 12. Nd2 Bc8 13. Rad1 Nbd7 14. f4 Qa5 15. Nce4
Qd8 16. h3 b5 17. Nxf6+ Nxf6 18. Ne4 Nxe4 19. Bxe4 bxc4 20. bxc4 Rb2 21. Qa4 Rb4
22. Qc2 Rb2 23. Qd3 Rxa2 24. Rd2 Rxd2 25. Qxd2 Qc7 26. Rb1 Kh8 27. Qa2 f6 28.
Bh4 f5 29. Bd3 Re8 30. Be1 e5 31. Bc3 Qe7 32. Qb2 Kg8 33. fxe5 dxe5 34. e4 f4
35. Qf2 Qd6 36. Ba5 Bf8 37. g4 fxg3 38. Qxg3 Qd7 39. Kh2 Bh6 40. Qh4 Bg5 41.
Qxg5 Qxh3+ 42. Kg1 Qxd3 43. Rf1 Qd4+ 44. Kh2 Qxe4 45. Qf6 Bf5 46. Rf2 Qxc4 47.
d6 Qe6 48. Qxe6+ Bxe6 49. Kg3 Rf8 50. Rd2 Bd7 51. Rd5 Rf6 52. Bc7 e4 53. Re5 Re6
54. Rxc5 e3 55. Rc1 a5 56. Kf3 a4 57. Ke2 h5 58. Rg1 h4 59. Rh1 g5 60. Rg1 Re5
61. Bd8 Kf7 62. Bxg5 h3 63. Bf4 Rh5 64. Bh2 a3 65. Kxe3 Rb5 66. Rf1+ Rf5 67. Ra1
Ra5 68. Kd4 Rg5 69. Rxa3 Rg2 70. Rf3+ Ke8 71. Re3+ Kd8 72. Be5 h2 73. Bf6+ Kc8
74. Rc3+ Kb8 75. Rb3+ Ka7 76. Ra3+ Kb6 77. Bd8+ Kb5 78. Ra5+ Kc6 79. Ra6+ Kb7
80. Rb6+ Ka7 81. Rb3 h1=Q 82. Ra3+ Kb7 83. Rb3+ Ka6 84. Ra3+ Kb5 85. Ra5+ Kb4
86. Bc7 Qh4+ 87. Ke5 Rg5+ 88. Kf6 Qh6+ 89. Ke7 Rg7+ 0-1

[Event "4th London Classic Open"]
[Site "London ENG"]
[Date "2012.12.09"]
[Round "9"]
[White "Spychala, Josefa"]
[Black "Bratteteig, Tore-Inge"]
[Result "1/2-1/2"]
[WhiteElo "1521"]
[BlackElo "1684"]
[WhiteFideId "1136208"]
[BlackFideId "1510711"]
[EventDate "2012.12.01"]

1. d4 f5 2. c4 e6 3. Nc3 Nf6 4. Nf3 d6 5. e3 Be7 6. Bd3 O-O 7. O-O a5 8. e4 fxe4
9. Nxe4 Qe8 10. Bg5 Nbd7 11. Qc2 Qh5 12. Ng3 Qe8 13. Rae1 Bd8 14. Bxf6 Nxf6 15.
Ng5 g6 16. Nxe6 Bxe6 17. d5 Nd7 18. Rxe6 Qf7 19. f4 Nc5 20. Bxg6 Qg7 21. Bxh7+
Qxh7 22. Qxh7+ Kxh7 23. Re2 Bh4 24. Re3 Rae8 25. Rxe8 Rxe8 26. Nf5 Bf6 27. b3
Re2 28. Rf2 Re1+ 29. Rf1 Re2 30. Rf2 Re1+ 31. Rf1 Re2 1/2-1/2